Rappers que o nome começa com "Lil" - Statistics

Estatísticas Gerais
  • Esse quiz foi jogado 35 vezes
  • A pontuação média é 5 de 17
Estatísticas das Respostas
Hint Resposta % Correto
Lil Wayne
75%
Lil Peep
71%
Lil Uzi Vert
61%
Lil Pump
54%
Lil Baby
36%
Lil Tecca
32%
Lil Nas X
29%
Lil Durk
18%
Lil Yachty
14%
Lil Dicky
11%
Lil Jon
11%
Lil Mosey
11%
Lil Skies
11%
Lil Tjay
11%
Lil Xan
11%
Lil Loaded
4%
Lil Whind
4%
Nenhum quiz correspondente encontrado
Distribuição das Pontuações
Porcentagem de Pessoas com Cada Pontuação
Percentil de Números Respondidos
Sua Pontuação Histórica
Você não jogou esse quiz